Loreto College Library, Kolkata
WEBOPAC (ONLINE PUBLIC ACCESS CATALOGUE)

The library in the primary school (Record no. 26172)

MARC details
000 -LEADER
fixed length control field 00507nam a2200181Ia 4500
008 - FIXED-LENGTH DATA ELEMENTS--GENERAL INFORMATION
fixed length control field 131103s9999 xx 000 0 und d
040 ## - CATALOGING SOURCE
Original cataloging agency Loreto College
041 ## - LANGUAGE CODE
Language code English
082 ## - DDC | ডিউই
Classification number | বর্গসংখ্যা 372/SMI
Book Number | গ্রন্থাঙ্ক LCBED/1712
100 ## - MAIN ENTRY--PERSONAL NAME | মুখ্য সংলেখ - ব্যাক্তিনাম
Personal name | ব্যাক্তিনাম Smith, W.O.Lester
245 #4 - TITLE STATEMENT | অাখ্যা বিবরণী
Title | অাখ্যা The library in the primary school
Statement of responsibility | লেখকের দায়িত্বের বিবরণ W.O.Lester Smith
260 ## - IMPRINT | প্রকাশনা ক্ষেত্র
Place of publication | প্রকাশ স্থান London
Name of publisher | প্রকাশকের নাম School library association
Date of publication | প্রকাশ কাল 1958
300 ## - PHYSICAL DESCRIPTION |
Page / Vol. No | পৃষ্ঠা / খন্ড সংখ্যা 100p.
Other physical details | অনান্য বাহ্যিক বিবরণ ill.
650 ## - SUBJECT ADDED ENTRY--TOPICAL TERM | বিষয় শিরোনাম - মূল বিষয়
Topical term | মূল বিষয় Education
651 ## - SUBJECT ADDED ENTRY--GEOGRAPHIC NAME | বিষয় শিরোনাম - ভৌগলিক নাম
Geographic name | ভৌগলিক বিষয় Elementary education
850 ## - HOLDING INSTITUTION
Holding institution LCBED/372/SMI
942 ## - ADDED ENTRY ELEMENTS (KOHA)
Koha item type Books
Holdings
Withdrawn status Lost status Damaged status Not for loan Home library Current library Date acquired Total Checkouts Full call number Accession No. Date last seen Price effective from Koha item type
        Loreto College Loreto College 04/11/2013   372/SMI LCBED/1712 B29014 04/11/2013 04/11/2013 Books